000 00546nam a2200193Ia 4500
005 20230518115611.0
008 131103s9999 xx 000 0 und d
040 _aLoreto College
041 _aEnglish
082 _aTAG 891.44
_bTAG-ROY
100 _aRoychoudhury, Nirmalendu
245 _aRabindra nirdesika
_cNirmalendu Roychoudhury
260 _aCalcutta
_bClarian
_c1962
300 _a296p
650 _aTagore, Rabindranath, 1861-1941 - Criticism and Interpretation
651 _aBengali Literature
850 _aLCLIB
942 _cBK
999 _c17037
_d67516